La cena que me compromete. Segundo año de catequesis parroquial: sobre la Eucaristía

Salvato in:
Dettagli Bibliografici
Autore principale: Caviedes, Miguel (Autore)
Natura: Libro
Lingua:spagnolo
Pubblicazione: Santiago Paulinas 1977
Edizione:5a. ed
Soggetti:
Tags: Aggiungi Tag
Nessun Tag, puoi essere il primo ad aggiungerne!!

MARC

LEADER 00000nam a2200000 a 4500
001 UCJ9547
003 CL-VaPUC
008 070323e19770000CL |||||||||||||||||spa|d
082 0 4 |a 268.432  |b CAV  |2 21 
100 0 |a Caviedes, Miguel  |e author  |9 519525 
245 1 3 |a La cena que me compromete. Segundo año de catequesis parroquial: sobre la Eucaristía 
250 |a 5a. ed 
300 |a 93 p 
942 |c BK 
945 |d 20070323 00:00:00  |a cmena 
260 |a Santiago  |b Paulinas  |c 1977 
650 0 |a Catequesis  |9 314526 
650 0 |a Educación religiosa   |9 308312 
650 0 |a Métodos de enseñanza  |9 270413 
650 0 |a Niños  |9 255605 
650 0 |a Eucaristía  |9 257336 
583 |a last modification  |c 20070323 00:00:00  |k Rodrigo Vera 
999 |c 325008  |d 325006 
952 |0 0  |1 0  |4 0  |6 268_432000000000000_CAV_1977  |7 0  |8 A  |9 405450  |a BIBTEO  |b BIBTEO  |d 2019-11-22  |i 4246187  |o 268.432 CAV 1977  |p 4246187  |r 2025-01-17  |w 2019-11-22  |y BK  |k ICR